000 00559nam a2200181 4500
001 132046
003 ES-MaACL
005 20230906194108.0
007 t|
008 070214s1973 sp r ||||1| cat d
100 1 _aRois de Corella, Juan.
_999030
245 1 0 _aObres completes /
_cJuan Rois de Corella ; estudi preliminar de Jordi Carbonell.
260 _aValencia :
_bAlbatros,
_c1973.
300 _a1 v. ;
_c21 cm.
505 8 _aContiene: Obra profana. Poesía. Narrativa
700 1 _aCarbonell, Jordi.
_935044
852 _aES-MaACL
_jP-1813
_bR.86610
999 _c132046
_d132046